[Event "SVK-chT3 2board corr"]
[Site "Slovakia"]
[Date "1998.??.??"]
[Round "4"]
[White "Belak, Jaroslav"]
[Black "Hlinka, Vasil"]
[Result "1/2-1/2"]
[WhiteElo "2057"]
[BlackElo "2184"]
[PlyCount "32"]
[EventDate "1998.02.10"]
[EventType "team (corr)"]
[EventRounds "14"]
[EventCountry "SVK"]
[SourceTitle "Corr 2000"]
[Source "ChessBase"]
[SourceDate "2000.04.19"]
[SourceVersion "1"]
[SourceVersionDate "2000.04.19"]
[SourceQuality "1"]

1. d4 Nf6 2. c4 g6 3. Nc3 Bg7 4. e4 d6 5. Nf3 0-0 6. Be2 e5 7. 0-0 exd4 8. Nxd4 Re8 9. f3 Nc6 10. Be3 Nh5 11. Nxc6 bxc6 12. Qd2 c5 13. Rfd1 Bb7 14. Rab1 a5 15. b3 Bc6 16. Nd5 Bb7 1/2-1/2

[Event "SVK-chT3 2board corr"]
[Site "Slovakia"]
[Date "1998.??.??"]
[Round "2"]
[White "Belak, Jaroslav"]
[Black "Korbela, Lubomir"]
[Result "1/2-1/2"]
[WhiteElo "2057"]
[BlackElo "2052"]
[PlyCount "53"]
[EventDate "1998.02.10"]
[EventType "team (corr)"]
[EventRounds "14"]
[EventCountry "SVK"]
[SourceTitle "Corr 2000"]
[Source "ChessBase"]
[SourceDate "2000.04.19"]
[SourceVersion "1"]
[SourceVersionDate "2000.04.19"]
[SourceQuality "1"]

1. d4 Nf6 2. c4 g6 3. Nc3 Bg7 4. e4 d6 5. Nf3 0-0 6. Be2 e5 7. Be3 c6 8. 0-0 exd4 9. Bxd4 Re8 10. Qc2 Qe7 11. Rfe1 c5 12. Nd5 Nxd5 13. Bxg7 Ne3 14. Qc3 Ng4 15. Nd2 f6 16. Bxg4 Kxg7 17. Bxc8 Rxc8 18. Rad1 Nc6 19. Nf3 Re8 20. h4 Rad8 21. h5 Ne5 22. Rd5 Nxf3+ 23. Qxf3 Qd7 24. b3 Re5 25. h6+ Kf7 26. Qd3 Qe6 27. Rxe5 1/2-1/2

[Event "SVK-chT3 2board corr"]
[Site "Slovakia"]
[Date "1998.??.??"]
[Round "12"]
[White "Belak, Jaroslav"]
[Black "Lelenko, Alexej"]
[Result "1/2-1/2"]
[WhiteElo "2057"]
[BlackElo "2069"]
[PlyCount "47"]
[EventDate "1998.02.10"]
[EventType "team (corr)"]
[EventRounds "14"]
[EventCountry "SVK"]
[SourceTitle "Corr 2000"]
[Source "ChessBase"]
[SourceDate "2000.04.19"]
[SourceVersion "1"]
[SourceVersionDate "2000.04.19"]
[SourceQuality "1"]

1. d4 Nf6 2. c4 g6 3. Nc3 Bg7 4. e4 d6 5. Nf3 0-0 6. Be2 e5 7. 0-0 Nc6 8. Be3 Ng4 9. Bg5 f6 10. Bc1 f5 11. Bg5 Qe8 12. Nd5 Rf7 13. exf5 gxf5 14. dxe5 dxe5 15. h3 Nf6 16. Bxf6 Bxf6 17. Nxf6+ Rxf6 18. c5 Be6 19. Bb5 Bf7 20. Qc2 Bd5 21. Bc4 Bxc4 22. Qxc4+ Qf7 23. Qc3 e4 24. Nd4 1/2-1/2